Active OB-stars-laboratories for stellar and circumstellar physics (Record no. 16976)

MARC details
000 -LEADER
fixed length control field 01128nam a2200253Ia 4500
003 - CONTROL NUMBER IDENTIFIER
control field IN-BaIIA
008 - FIXED-LENGTH DATA ELEMENTS--GENERAL INFORMATION
fixed length control field 211028s9999 xx 000 0 eng d
020 ## - INTERNATIONAL STANDARD BOOK NUMBER
International Standard Book Number 978-1-583812-29-7
040 ## - CATALOGING SOURCE
Transcribing agency IIA Library
080 ## - UNIVERSAL DECIMAL CLASSIFICATION NUMBER
Universal Decimal Classification number 082.2:52
Item number ASP-361
111 ## - MAIN ENTRY--MEETING NAME
Meeting name or jurisdiction name as entry element Conference on Active OB-Stars-Laboratories For Stellar and Circumstellar Physics
Location of meeting Japan
Date of meeting or treaty signing 2005 Aug. 29- Sep. 2
9 (RLIN) 31826
245 #0 - TITLE STATEMENT
Title Active OB-stars-laboratories for stellar and circumstellar physics
Remainder of title proceeding of a conference held in Sapporo, Japan, 29 Aug - 2 Sep 2005
Statement of responsibility, etc. edited by Stanislav Stefl, S. P. Owocki and A. T. Okazaki
260 ## - PUBLICATION, DISTRIBUTION, ETC.
Place of publication, distribution, etc. San Francisco
Name of publisher, distributor, etc. Astronomical Society of the Pacific
Date of publication, distribution, etc. 2007
300 ## - PHYSICAL DESCRIPTION
Extent xxiv, 573p.
490 ## - SERIES STATEMENT
Series statement ASP conference series; v. 361
650 ## - SUBJECT ADDED ENTRY--TOPICAL TERM
Topical term or geographic name entry element Active OB-stars - congresses
9 (RLIN) 31827
650 ## - SUBJECT ADDED ENTRY--TOPICAL TERM
Topical term or geographic name entry element Circumstellar disks - congresses
9 (RLIN) 31828
650 ## - SUBJECT ADDED ENTRY--TOPICAL TERM
Topical term or geographic name entry element Dynamical processes - congresses
9 (RLIN) 31829
650 ## - SUBJECT ADDED ENTRY--TOPICAL TERM
Topical term or geographic name entry element Stellar physics - congresses
9 (RLIN) 31830
700 ## - ADDED ENTRY--PERSONAL NAME
Personal name Okazaki, A. T., ed.
9 (RLIN) 31831
700 ## - ADDED ENTRY--PERSONAL NAME
Personal name Owocki, S. P., ed.
9 (RLIN) 31832
700 ## - ADDED ENTRY--PERSONAL NAME
Personal name Stefl, Stanislav, ed.
9 (RLIN) 31833
942 ## - ADDED ENTRY ELEMENTS (KOHA)
Koha item type Books
952 ## - LOCATION AND ITEM INFORMATION (KOHA)
-- 77.00
Holdings
Withdrawn status Lost status Damaged status Not for loan Home library Current library Shelving location Date acquired Source of acquisition Total Checkouts Full call number Barcode Date last seen Price effective from Koha item type
        IIA Library-Bangalore IIA Library-Bangalore General Stacks 07/08/2008 ASP   082.2:52/ ASP-361 17898 05/11/2021 07/08/2008 Books

Powered by Koha